[Event "LUX-chABC"]
[Site "Dudelange"]
[Date "1998.04.18"]
[Round "8.3"]
[White "Kessler, Armand"]
[Black "Mertens, Marc"]
[Result "0-1"]
[WhiteElo "1820"]
[BlackElo "2160"]
[PlyCount "30"]
[EventDate "1998.04.11"]
[EventType "swiss"]
[EventRounds "9"]
[EventCountry "LUX"]
[SourceTitle "EXT 2013"]
[Source "ChessBase"]
[SourceDate "2012.11.22"]
[SourceVersion "1"]
[SourceVersionDate "2012.11.22"]
[SourceQuality "1"]

1. e4 c5 2. c3 d5 3. exd5 Qxd5 4. Nf3 Bg4 5. Be2 Nf6 6. h3 Bh5 7. d4 e6 8. Na3 Nc6 9. Nb5 0-0-0 10. Bf4 cxd4 11. Nbxd4 e5 12. Nxe5 Nxe5 13. Qc2 Bxe2 14. Qf5+ Ned7 15. Nb5 Bxb5 0-1

[Event "LUX-chABC"]
[Site "Dudelange"]
[Date "1997.04.04"]
[Round "7.19"]
[White "Kremer, Yves"]
[Black "Kessler, Armand"]
[Result "1-0"]
[WhiteElo "1735"]
[BlackElo "1840"]
[PlyCount "41"]
[EventDate "1997.03.29"]
[EventType "swiss"]
[EventRounds "9"]
[EventCountry "LUX"]
[SourceTitle "EXT 2013"]
[Source "ChessBase"]
[SourceDate "2012.11.22"]
[SourceVersion "1"]
[SourceVersionDate "2012.11.22"]
[SourceQuality "1"]

1. Nf3 b6 2. g3 Bb7 3. Bg2 e5 4. d3 d5 5. Nxe5 Bd6 6. Nf3 Nd7 7. Nbd2 Ngf6 8. Nd4 g6 9. c4 c6 10. a3 Qe7 11. cxd5 Ne5 12. Nc4 Nxd5 13. e4 Bc5 14. Nxe5 Qxe5 15. Nf3 Qe7 16. 0-0 Nc7 17. b4 Bxb4 18. axb4 Qxb4 19. Ba3 Qc3 20. Qe2 0-0-0 21. Bb2 1-0